LEADER 01222nam a2200289 u 4500 001 000000032679 003 CaOOAMICUS 005 20070226112258.0 008 971022s1991 it u000 u ita u 020 $a8830804908 035 $a10773795 040 $aPUL$bita 100 1 $aMarconi, Gilberto.$0(OLS)http://pul/name/13806 245 10$aLuca-Atti :$bstudi in onore di P. Emilio Rasco nel suo 70° compleanno /$ca cura di Gilberto Marconi e Gerald O'Collins. 260 $aAssisi :$bCittadella,$c1991. 300 $a331 p. ;$c21 cm 490 1 $aCommenti e studi biblici.$aNuova serie 500 $aContiene indice. 700 1 $aO'Collins, Gerald,$cS.I.$0(OLS)http://pul/name/25696 830 0$aCommenti e studi biblici.$pNuova serie.$0(OLS)http://pul/title/45058 850 $aPUL 852 $aPUL$W1$xSL Religione 1$y3$m9 B 63$j44994$nBK-PRI$b $qStampati$B44994$CPULBib$Z2$F44994 $H $81 941 1 $a8 961 $aINV: 68794 996 $6020$a8830804908$9(OLS)http://pul/number/41041 996 $6245$aLuca-Atti :$bstudi in onore di P. Emilio Rasco nel suo 70° compleanno$9(OLS)http://pul/title/45057 996 $6260$aAssisi :$bCittadella$9(OLS)http://pul/publisher/49668 LEADER 01499nam a2200325 u 4500 001 000000028663 003 CaOOAMICUS 005 20070226111828.0 008 960923s1996 fr u000 u fre u 020 $a2204053554 035 $a10742358 040 $aIPA$bita 041 1 $afre$agrc 100 0 $aGregorius Nyssenus,$cs.,$dc. 335-c. 394.$0(OLS)http://pul/name/3044 240 10$aIn Ecclesiasten homiliae VIII$9(Gregorius Nyssenus, s., vesc., c. 335-394?).$lFrancese e greco.$0(OLS)http://pul/title/39135 245 10$aHomélies sur l'Ecclésiaste /$cGrégoire de Nysse ; texte grec de l'édition P. Alexander ; introduction, traduction, notes et index par Françoise Vinel. 260 $aParis :$bCerf,$c1996. 300 $a446 p. ;$c20 cm 490 1 $aSources chrétiennes ;$v416 630 04$aBiblia.$pV.T.$pQohlet$xCommenti.$0(OLS)http://pul/subject/37775 700 1 $aVinel, Françoise,$d1950-$0(OLS)http://pul/name/23306 830 0$aSources chrétiennes ;$v416.$0(OLS)http://pul/title/45 850 $aPUL 852 $aPUL$W1$xSL Religione 2$y84$mTheol E3 416$j39783$nBK-PRI$b $qStampati altre collocazioni$B39783$CPULBib$Z2$F39783 $H $81 900 $aGregorio di Nissa,$cs.,$dc. 335-c. 394$93044 941 1 $a10 961 $aINV: 88933 996 $6020$a2204053554$9(OLS)http://pul/number/35601 996 $6245$aHomélies sur l'Ecclésiaste$9(OLS)http://pul/title/39136 996 $6260$aParis :$bCerf$9(OLS)http://pul/publisher/48238